000 00370nam a2200145Ia 4500
008 231129s1982||||xx |||||||||||||| ||spa||
020 _a950-06-1324-7
040 _bspa
082 _a612.64 L285e
100 _aLangman Jan
245 0 _aEmbriologia medica
260 _c1982
264 _aMedica Panamericana
942 _2ddc
_cBKS
999 _c12803
_d12803